Cirkulares Litterae Dioecesanae Anno ... ad Clerum Archi-Dioecesis Strigoniensis a Joanne Cardinale Simor Principe Primate Regni Hungariae et Archi-Episcopo Dimissae

Podrobná bibliografia
Médium: Časopis
Jazyk:latinčina
Vydavateľské údaje: Strigonii [Aegidii Horák] ?1869-1912

MARC

LEADER 00000cas a2200000 a 4500
001 vtls001225517
003 SK-MaSNL
005 20260221120811.0
008 180126d18691912hu zu|p r 0 0b0lat
035 |a SNK000172513 
040 |a SNK  |b slo  |c SNK  |e AACR2 
041 0 |a lat 
044 |a hu  |c HU 
080 |a 050  |2 2001 
245 0 0 |a Cirkulares Litterae Dioecesanae Anno ... ad Clerum Archi-Dioecesis Strigoniensis a Joanne Cardinale Simor Principe Primate Regni Hungariae et Archi-Episcopo Dimissae 
260 |a Strigonii  |b [Aegidii Horák]  |c ?1869-1912 
850 |a Slovenská národná knižnica v Martine 
910 |a snk 
999 |c 6563  |d 8493 
952 |0 0  |1 0  |4 0  |7 0  |8 5  |a SNK  |b SNK  |d 2012-08-20  |i snkF 1596/93  |l 0  |o snkČSB 3379/1869  |p 17A0857024  |r 2026-02-21 21:02:13  |t č. 1-23  |w 2026-02-21  |y PREZ 
952 |0 0  |1 0  |4 0  |7 0  |8 5  |a SNK  |b SNK  |d 1999-02-04  |i snkF 2253/93  |l 0  |o snkČSB 3379/1872  |r 2005-01-01 00:00:00  |w 2026-02-21  |y PREZ 
952 |0 0  |1 0  |4 0  |7 0  |8 5  |a SNK  |b SNK  |d 1999-02-04  |i snkF 2252/93  |l 0  |o snkČSB 3379/1873  |r 2005-01-01 00:00:00  |w 2026-02-21  |y PREZ 
952 |0 0  |1 0  |4 0  |7 0  |a SNK  |b SNK  |d 1999-02-04  |l 0  |o snkČSB 3379/1879 D1  |p 17A0143976  |r 2005-01-01 00:00:00  |w 2026-02-21  |y PREZ 
952 |0 0  |1 0  |4 0  |7 0  |8 5  |a SNK  |b SNK  |d 1999-02-04  |i snkF 238/99  |l 0  |o snkČSB 3379/1879 D2  |p 17A0177922  |r 2005-01-01 00:00:00  |w 2026-02-21  |y PREZ 
952 |0 0  |1 0  |4 0  |7 0  |8 5  |a SNK  |b SNK  |d 1999-02-04  |i snkF 239/99  |l 0  |o snkČSB 3379/1880 D2  |p 17A0177921  |r 2005-01-01 00:00:00  |w 2026-02-21  |y PREZ 
952 |0 0  |1 0  |4 0  |7 0  |8 5  |a SNK  |b SNK  |d 1999-02-04  |i snkF 240/99  |l 0  |o snkČSB 3379/1881 D2  |p 17A0177920  |r 2005-01-01 00:00:00  |w 2026-02-21  |y PREZ 
952 |0 0  |1 0  |4 0  |7 0  |8 5  |a SNK  |b SNK  |d 1999-02-04  |i snkF 2233/93  |l 0  |o snkČSB 3379/1912  |r 2005-01-01 00:00:00  |w 2026-02-21  |y PREZ 
952 |0 0  |1 0  |4 0  |7 0  |a SNK  |b SNK  |d 1999-02-04  |l 0  |o snkČSB 3379/1879  |p 17A0142161  |r 2005-01-01 00:00:00  |w 2026-02-21  |y PREZ